| 000 | 00619nam a22001577a 4500 | ||
|---|---|---|---|
| 999 |
_c534573 _d534573 |
||
| 020 | _qHard Cover. | ||
| 082 | _a620.44 | ||
| 100 | _aTariq, Sheraz | ||
| 245 |
_aEffect of Athermal Solvency Conditions and Solvent Size on Intra Molecular Chain Transfer to Polymer in Acrylate Radical Polymerization Through Computational Approach / _cSheraz Tariq. |
||
| 260 |
_aIslamabad: _bSCME - NUST, _c2017. |
||
| 300 |
_a66 p. : _bill. ; _c30cm. |
||
| 942 |
_2ddc _cTHE |
||
| 650 |
_aMaterial and Surface Engineering MS-Thesis. _916443 |
||
| 700 |
_aDr. Nasir M. Ahmad _928507 |
||